Informe Nacional de Costa Rica

में बचाया:
ग्रंथसूची विवरण
स्वरूप: मूलपाठ
विषय:
टैग: टैग जोड़ें
कोई टैग नहीं, इस रिकॉर्ड को टैग करने वाले पहले व्यक्ति बनें!

MARC

LEADER 00000 a a2200000 04500
001 14146
003
040
245 |a Informe Nacional de Costa Rica  
650 |a INFORMES  
650 |a NACION  
650 |a ECONOMIA  
650 |a GOBERNABILIDAD  
650 |a DEMOCRACIA  
650 |a SELECCION DEL PERSONAL  
650 |a COSTA RICA  
773 |g número 42 -43; páginas 203-212  
999 |c 33630  |d 33630